Concise Course in Medical Surgical Nursing 1 (Record no. 159254)

MARC details
000 -LEADER
fixed length control field 00411nam a2200145Ia 4500
008 - FIXED-LENGTH DATA ELEMENTS--GENERAL INFORMATION
fixed length control field 230519s9999 xx 000 0 und d
020 ## - INTERNATIONAL STANDARD BOOK NUMBER
International Standard Book Number 978-93-81390-41-2
041 ## - LANGUAGE CODE
Language code of text/sound track or separate title eng
082 ## - DEWEY DECIMAL CLASSIFICATION NUMBER
Classification number MS/610.7361/ANS/DB0500
100 ## - MAIN ENTRY--PERSONAL NAME
Personal name Ansari Javed & Kaur Devinder
245 ## - TITLE STATEMENT
Title Concise Course in Medical Surgical Nursing 1
260 ## - PUBLICATION, DISTRIBUTION, ETC. (IMPRINT)
Name of publisher, distributor, etc. S Vikas and Co
Place of publication, distribution, etc. Jalandhar
Date of publication, distribution, etc. 2016
300 ## - PHYSICAL DESCRIPTION
Extent 1151p
Holdings
Withdrawn status Lost status Damaged status Not for loan Collection code Home library Current library Date acquired Cost, normal purchase price Bill number Total Checkouts Total Renewals Full call number Barcode Date last seen Date last checked out Bill Date Koha item type Original Barcode
        MS Smt. Bakul Tambat Institute of Nursing Education Smt. Bakul Tambat Institute of Nursing Education 04/10/2016 650.00 496 9 3 MS 610.7361 ANS DB0500 BTIN-DB-500 06/12/2024 28/11/2024 28/09/2016 Donated Book DB0500
        MS Smt. Bakul Tambat Institute of Nursing Education Smt. Bakul Tambat Institute of Nursing Education 29/08/2018 1399.00 496 15 14 MS 610.7361 ANS DB0738 BTIN-DB-738 16/08/2025 05/07/2025 28/09/2016 Donated Book DB0738